000 00491nam a2200181Ia 4500
005 20260415160342.0
008 008 250505s9999 xx 000 0 eng d
037 _aTextual
040 _aFEDL
_beng
_cFEDL
041 _aeng
_2eng
084 _a613.2 MCC
_qFEDL
100 _aMcCarrison Robert
_9755824
245 0 _aFood
260 _aLondon, UK
_bMacmillan and Co Limited
_c1944
300 _a132p
942 _cTEXL
_h613.2 MCC
999 _c1321989
_d1321989